|
|
|
|
| LEADER |
00000ny a22000003n 4500 |
| 005 |
20110621110835.0 |
| 008 |
100325s2008 fr s 000 0 fre d |
| 020 |
|
|
|a 9782743010225
|
| 035 |
|
|
|a 2377
|
| 040 |
|
|
|a BUS
|d vlex
|
| 090 |
|
|
|c 1323
|d 1323
|
| 100 |
1 |
|
|a Rasse, Gabril̈e
|
| 245 |
1 |
4 |
|a Les plans de prv̌ention des risques
|h [Recurso electrn̤ico]
|c Gabril̈e Rasse
|
| 256 |
|
|
|a Servicio en ln̕ea
|
| 260 |
|
|
|a Pars̕ :
|b Lavoisier,
|c 2008
|
| 506 |
1 |
|
|a Contenido solo disponible en los productos indicados
|d vLex Global
|d vLex Global (Academic Edition, excluding Law Schools)
|d vLex Global (U.S. Academic Edition, Law Schools)
|d vLex Global (U.S. Academic Edition, excluding Law Schools)
|d vLex Global (Academic Edition, Law Schools)
|
| 650 |
0 |
4 |
|a Seguridad en el trabajo
|z Francia
|
| 740 |
0 |
|
|a vLex Libros (Servicios en ln̕ea)
|
| 856 |
4 |
0 |
|u http://vlex.com/source/2377
|z Acceso restringido
|
| 942 |
|
|
|c BOOK
|